00333nam a2200133Ia 4500008004100000082001500041100001300056245002400069260003500093300000800128630002400136700001500160730002400175100122s9999 xx 000 0 und d b36401a614 aNARAYANI aHANDBOOK ON HEALING bSIVANANDA HEALING CENTREc1905 a356 aHANDBOOK ON HEALING aGIRDARLALL aHANDBOOK ON HEALING